An Analysis of the Impact of Non-performing Loans on the Financial Performance of Commercial Banks in Kenya (Record no. 217104)

MARC details
000 -LEADER
fixed length control field 00595nam a22001577a 4500
008 - FIXED-LENGTH DATA ELEMENTS--GENERAL INFORMATION
fixed length control field 260511b |||||||| |||| 00| 0 eng d
050 ## - LIBRARY OF CONGRESS CALL NUMBER
Classification number THE HG 2491 .O54 2006
Item number C.1
100 ## - MAIN ENTRY--PERSONAL NAME
Personal name Oneya, Shianda Doris
245 ## - TITLE STATEMENT
Title An Analysis of the Impact of Non-performing Loans on the Financial Performance of Commercial Banks in Kenya
260 ## - PUBLICATION, DISTRIBUTION, ETC.
Place of publication, distribution, etc. Kisii
Name of publisher, distributor, etc. Kisii University
Date of publication, distribution, etc. 2006
300 ## - PHYSICAL DESCRIPTION
Extent viii, 33p.
500 ## - GENERAL NOTE
General note Includes bibliographical references
650 ## - SUBJECT ADDED ENTRY
Topical term or geographic name entry element 1. Non-performing loans - Kenya. 2. Financial performance - Commercial banks - Kenya.
942 ## - ADDED ENTRY ELEMENTS (KOHA)
Source of classification or shelving scheme Library of Congress Classification
Koha item type Reference
Holdings
Withdrawn status Lost status Source of classification or shelving scheme Damaged status Not for loan Collection Home library Current library Date acquired Inventory number Total checkouts Full call number Barcode Date last seen Copy number Price effective from Koha item type
    Library of Congress Classification     Special Research Kisii University Library Kisii University Library 05/11/2026 109440   THE HG 2491 .O54 2006 A002029 05/11/2026 C.1 05/11/2026 Reference